000
00335nam a2200145Ia 4500
008
230718s9999 xx 000 0 und d
041
_a
Eng.
082
_a
346.54
_b
SAY-G
100
_a
Sayed,Nazar Abbas
245
0
_a
Guardians 7 Wards act
260
_a
Pakistan
_b
National law
_c
2011
300
_a
169
650
_a
Law
999
_c
30234
_d
30234